000 00272nam a22001217a 4500
082 _a823
_bBHA/P
100 _aBHANOT, REINU
245 _aPOPULAR FOLK TALES OF INDIA
260 _aDELHI
_bARORA BOOK COMPANY
300 _a117
650 _aENGLISH STORY
_zINDIA
942 _cBK
999 _c7346
_d7346